Juegos funerarios / (Record no. 126380)

MARC details
000 -LEADER
campo de control de longitud fija 00678nam a2200241 4500
001 - NÚMERO DE CONTROL
campo de control 126380
003 - IDENTIFICADOR DE NÚMERO DE CONTROL
campo de control ES-MaACL
005 - FECHA Y HORA DE LA ÚLTIMA TRANSACCIÓN
campo de control 20250110131125.0
007 - CAMPO FIJO DE DESCRIPCIÓN FÍSICA--INFORMACIÓN GENERAL
campo de control de longitud fija t|
008 - DATOS DE LONGITUD FIJA--INFORMACIÓN GENERAL
campo de control de longitud fija 070214s1985 sp r ||||1| spa d
020 ## - NÚMERO INTERNACIONAL ESTÁNDAR DEL LIBRO
Número Internacional Estándar del Libro 84-350-0507-0
080 ## - NÚMERO DE LA CLASIFICACIÓN DECIMAL UNIVERSAL
Número de la Clasificación Decimal Universal 821.111-31"19"
100 1# - ENTRADA PRINCIPAL--NOMBRE DE PERSONA
Nombre de persona Renault, Mary.
9 (RLIN) 96193
245 10 - MENCIÓN DEL TÍTULO
Título Juegos funerarios /
Mención de responsabilidad, etc. Mary Renault ; traducción de Rafael Urbino.
250 ## - MENCION DE EDICION
Mención de edición 1ª ed., reimp.
260 ## - PUBLICACIÓN, DISTRIBUCIÓN, ETC.
Lugar de publicación, distribución, etc. Barcelona :
Nombre del editor, distribuidor, etc. Edhasa,
Fecha de publicación, distribución, etc. 1985.
300 ## - DESCRIPCIÓN FÍSICA
Extensión 302 p. ;
Dimensiones 23 cm.
490 1# - MENCIÓN DE SERIE
Mención de serie Narrativas Edhasa
700 1# - ENTRADA AGREGADA--NOMBRE PERSONAL
Nombre de persona Urbino, Rafael.
9 (RLIN) 112097
830 1# - PUNTO DE ACCESO ADICIONAL DE SERIE-TÍTULO UNIFORME
Título uniforme Narrativas (Edhasa)
9 (RLIN) 183509
852 ## - LOCALIZACIÓN
Ubicación ES-MaACL
Número de control de estantería L-8699
Holdings
Estatus retirado Estado de pérdida Estado de daño No para préstamo Biblioteca de origen Biblioteca actual Ubicación en estantería Fecha de adquisición Fuente de adquisición Total de préstamos Signatura topográfica completa Código de barras Visto por última vez Precio de reemplazo Tipo de ítem Koha
        Biblioteca del Ateneo de Madrid Biblioteca del Ateneo de Madrid Depósito 2 17/01/2008     L-8699 1131630 23/02/2023 23/02/2023 Libro impreso